| 000 | 01244nam a22003375i 4500 | ||
|---|---|---|---|
| 999 |
_c28256 _d28227 |
||
| 001 | 018995069 | ||
| 003 | EG-ScBUE | ||
| 005 | 20200308100447.0 | ||
| 008 | 180726s2018 ua a f b 001 0 eng d | ||
| 020 | _a9789774168574 (pbk.) | ||
| 040 |
_aStDuBDS _beng _erda _cStDuBDS _dEG-ScBUE |
||
| 043 | _af-ua--- | ||
| 082 | 0 | 4 |
_a307.14209620904 _bSIM _222 |
| 100 | 1 | 0 |
_aSims, David, _eauthor. _96467 |
| 245 | 1 | 0 |
_aEgypt's desert dreams : _bdevelopment or disaster? / _cDavid Sims ; foreword by Timothy Mitchell. |
| 250 | _aNew edition. | ||
| 264 | 1 |
_aCairo ; _aNew York : _bThe American University in Cairo Press, _c2018. |
|
| 300 |
_alxxxiii, 401 pages : _billustrations ; _c24 cm |
||
| 336 |
_atext _btxt _2rdacontent |
||
| 337 |
_aunmediated _bn _2rdamedia |
||
| 338 |
_avolume _bnc _2rdacarrier |
||
| 500 | _aIncludes glossary. | ||
| 504 | _aIncludes bibliographical references and index. | ||
| 650 | 7 |
_aCity planning _zEgypt _zCairo _xHistory _y20th century. _2BUEsh |
|
| 650 | 7 |
_aRegional planning _zEgypt _xHistory _y20th century. _2BUEsh |
|
| 650 | 7 |
_aEconomic development _zEgypt. _2BUEsh |
|
| 653 |
_bBUSBOL _bGGEN _cMarch2020 |
||
| 655 |
_vReading book _934232 |
||
| 700 | 1 |
_aMitchell, Timothy, _eauthor of introduction, etc. |
|
| 942 |
_2ddc _cBB |
||